000 02693cam a2200289 4500500
005 20260208003142.0
041 _afre
042 _adc
100 1 0 _aBorelle, Céline
_eauthor
245 0 0 _aSortir du débat ontologique
260 _c2018.
500 _a17
520 _aOn observe actuellement une volonté grandissante de doter des êtres artificiels d’une intelligence sociale. Quelles interactions se nouent avec ces êtres ? Comment la sociologie peut-elle les étudier ? Cet article fait un état des lieux sur les travaux mobilisables et propose une orientation nouvelle. On s’appuie d’abord sur les travaux ayant remis en cause une approche dualiste en termes de grands partages pour constituer l’ontologie comme un objet. On rend ensuite compte des recherches sur l’anthropomorphisation des machines qui proposent d’enquêter sur les opérations de détermination ontologique des êtres artificiels, du côté de la conception et des usages. Cette littérature permet de souligner que la question de l’ontologie se pose au moment d’entrer en relation, qu’elle est motivée par le souci de trouver des modalités ajustées de cohabitation. On propose enfin d’enrichir cette perspective de recherche en prêtant davantage attention à la réflexivité ontologique des acteurs.
520 _aThere is a growing desire to provide artificial beings with social intelligence. What interactions are established with these beings? How can sociology study them? This article reviews existing work on the subject and proposes a new direction. The author first draws on work that has challenged a dualist approach in terms of broad sharing to constitute ontology as an object. She then presents research on the anthropomorphization of machines, investigating operations of ontological determination of artificial beings from both a design and a uses perspective. This highlights the fact that the question of ontology arises at the point of engaging in interaction, and is motivated by the desire to find adjusted modalities of cohabitation. Finally, the article proposes further research along the same lines, that pays greater attention to actors’ ontological reflexivity.
690 _aanthropomorphisme
690 _aintelligence artificielle
690 _ainteractions
690 _aontologie
690 _aréflexivité
690 _aanthropomorphism
690 _aartificial intelligence
690 _ainteractions
690 _aontology
690 _areflexivity
786 0 _nRéseaux | 212 | 6 | 2018-11-05 | p. 207-232 | 0751-7971
856 4 1 _uhttps://shs.cairn.info/revue-reseaux-2018-6-page-207?lang=fr&redirect-ssocas=7080
999 _c1647282
_d1647281